| 000 | 00365pab a2200157 454500 | ||
|---|---|---|---|
| 008 | 180718b2001 xxu||||| |||| 00| 0 eng d | ||
| 100 | _aPadmanabhan, B.S. | ||
| 245 | _aWomen empowerment in farm sector | ||
| 260 | _c2001 | ||
| 300 | _ap.47-50 | ||
| 362 | _aJan | ||
| 650 | _aAgriculture | ||
| 650 | _aWomen in agriculture | ||
| 773 | _aYojana | ||
| 909 | _a47020 | ||
| 999 |
_c47020 _d47020 |
||